000 00405nam a2200145 4500
001 138872
003 ES-MaACL
007 t|
008 070214m19461955sp r ||||1| spa d
100 1 _aSanz Fernández, Angel.
_9103637
245 1 0 _aInstituciones de Derecho hipotecario /
_cAngel Sanz Fernández.
260 _aMadrid :
_bReus,
_c1946-55.
300 _a2 v. ;
_c23 cm.
852 _aES-MaACL
_jE-4769-70
999 _c138872
_d138872